ბათუმის შოთა რუსთაველის სახელმწიფო უნივერსიტეტის ბიბლიოთეკა

სუბტროპიკულ მცენარეთა აგროტექნოლოგია. (ბიბ.ჩანაწერი № 35466)

000 -LEADER
fixed length control field 00889nam a2200229Ia 4500
001 - CONTROL NUMBER
control field 1324
003 - CONTROL NUMBER IDENTIFIER
control field GE_BSU
008 - FIXED-LENGTH DATA ELEMENTS--GENERAL INFORMATION
fixed length control field 181216s||||||||xx |||||||||||||| ||und||
020 ## - INTERNATIONAL STANDARD BOOK NUMBER
International Standard Book Number 9789941412707
040 ## - CATALOGING SOURCE
Transcribing agency GE_BSU
080 ## - UNIVERSAL DECIMAL CLASSIFICATION NUMBER
Universal Decimal Classification number 634.6(479.223)(075.8)+6315(479.223(075.8)
100 ## - MAIN ENTRY--PERSONAL NAME
Personal name ჯაბნიძე ,რეზო
245 ## - TITLE STATEMENT
Title სუბტროპიკულ მცენარეთა აგროტექნოლოგია.
245 ## - TITLE STATEMENT
Statement of responsibility, etc. რედ. ვალერიან ცანავა, შოთა ლაპარაძე.
260 ## - PUBLICATION, DISTRIBUTION, ETC.
Place of publication, distribution, etc. ბათუმი
260 ## - PUBLICATION, DISTRIBUTION, ETC.
Name of publisher, distributor, etc. შოთა რუსთაველის სახ. უნ–ტი
260 ## - PUBLICATION, DISTRIBUTION, ETC.
Date of publication, distribution, etc. 2011
300 ## - PHYSICAL DESCRIPTION
Extent 426 გვ. 20 სვ.
653 ## - INDEX TERM--UNCONTROLLED
Uncontrolled term სუბტროპიკულ მცენარეთა აგროტექნოლოგია
942 ## - ADDED ENTRY ELEMENTS (KOHA)
Koha item type წიგნი
ეგზემპლარები
Withdrawn status Lost status Damaged status Not for loan Date acquired Barcode Date last seen Price effective from Koha item type
        2018-12-17 2982 2018-12-17 2018-12-17 წიგნი
        2018-12-17 2983 2018-12-17 2018-12-17 წიგნი
        2018-12-17 2984 2018-12-17 2018-12-17 წიგნი
        2018-12-17 2985 2018-12-17 2018-12-17 წიგნი
        2018-12-17 2986 2018-12-17 2018-12-17 წიგნი
        2018-12-17 2987 2018-12-17 2018-12-17 წიგნი
        2018-12-17 2988 2018-12-17 2018-12-17 წიგნი
        2018-12-17 2989 2018-12-17 2018-12-17 წიგნი
        2018-12-17 2990 2018-12-17 2018-12-17 წიგნი
        2018-12-17 2991 2018-12-17 2018-12-17 წიგნი
        2018-12-17 2992 2018-12-17 2018-12-17 წიგნი
        2018-12-17 2993 2018-12-17 2018-12-17 წიგნი
        2018-12-17 2994 2018-12-17 2018-12-17 წიგნი
        2018-12-17 2995 2018-12-17 2018-12-17 წიგნი
        2018-12-17 2996 2018-12-17 2018-12-17 წიგნი